Statistics for Soft Drink Brand Logos

Click here to take the quiz!

General Stats

  • This quiz has been taken 16,680 times
  • The average score is 12 of 16

Answer Stats

Answer % Correct
Pepsi
100%
Coca-Cola
99%
Sprite
99%
Monster
97%
Red Bull
97%
Mountain Dew
91%
Gatorade
86%
Dr Pepper
82%
Fanta
78%
Schweppes
70%
Sunkist
57%
Arizona
56%
Crush
41%
Snapple
33%
Sierra Mist
32%
Barq's
31%

Score Distribution

Percentile by Number Answered

Percent of People with Each Score

Your Score History

You have not taken this quiz